000 00348nam a22001337a 4500
020 _a9787530220184
082 _a338.9151
100 _aWang, Luo,
245 _aChina and foreign aid
_cWang, Luo,
260 _aChina
_bIntercontinental press
_c2019
300 _a252p
942 _2ddc
_cBK
999 _c588408
_d588408